000 00867nam a22002297a 4500
999 _c3742
_d3742
003 AR-CdUCM
008 190307b ||||| |||| 00| 0 spa d
040 _aMUNICIPALIDAD PROVINCIAL DEL CUSCO
_cBIBLIOTECA MUNICIPAL DEL CUSCO
082 _a345.3 /
_bL79
100 _aLoli Rodriguez, Godofredo
_912098
245 _aLa carga probatoria :
_ben materia civil y procesal civil /
260 _aLima :
_bTecat,
_c2000.
300 _a205 pƔginas ;
_c21 cm.
505 _aPrincipios procesales -- Sistemas procesales -- Facultades del juez y negligencia de las partes -- Carga procesal y carga de la afirmación -- la carga de la prueba...
650 _aCarga probatoria.
_912099
650 _aDerecho.
_9739
650 _aLeyes.
_94808
650 _aProcesal civil.
_912100
650 _aSistemas procesales.
_912101
942 _2ddc
_cLIBROS
945 _awfj
_d2019-03-07